Jak hodnotit výkon zaměstnanců

Aktuálne problémy pracovného hodnotenia v podnikoch. Súčasné nedostatky hodnotenia výkonu. Praktické pravidlá pre účinné hodnotenie pracovného výkonu. Potreba diferencovaného hodnotenia.

Gespeichert in:
Bibliographische Detailangaben
Format: Buchkapitel
Sprache:Tschechisch
Schlagworte:
Tags: Tag hinzufügen
Keine Tags, Fügen Sie das erste Tag hinzu!

MARC

LEADER 00000naa a2200000 4500
001 r018167
005 20221208131006.2
041 0 |a cze 
044 |a CZ 
245 1 0 |a Jak hodnotit výkon zaměstnanců 
520 |a Aktuálne problémy pracovného hodnotenia v podnikoch. Súčasné nedostatky hodnotenia výkonu. Praktické pravidlá pre účinné hodnotenie pracovného výkonu. Potreba diferencovaného hodnotenia. 
610 2 0 |a hodnotenie pracovné 
610 2 0 |a odmeňovanie 
610 2 0 |a výkony pracovné 
610 2 0 |a zamestnanci